00733nam a2200181 a 450000100060000000300090000600800410001504000280005608200180008410000560010224500450015826000330020330000100023650502340024665000310048065000150051165000250052614874CO-ViMGA141112s2004 ck r 000 u spa d aCO-ViMGAbspacCO-ViMGA04a309.186 G659c1 aGonzález Posso, Dario; Calderón Llanten, Carlos10aColombia : bEl sueño de la democracia aBtá, cGente nueva, c1991 a91.p. aUna política exterior democrática y de integración Un pacto inteligente con la naturaleza Un nuevo modelo de desarrollo Justicia social Una paz real, justa, digna y duradera Renovación, cultura y participación ciudadana14aCOLOMBIA Política SOCIAL14aDEMOCRACIA14aPolítica ECONOMICA